000 00613nam a22001937a 4500
005 20150812110743.0
010 _aENG-113620
020 _c85.00
_a9788125042778
035 _aEN-97152
037 _bDBAD/PUB
082 _a882.08
100 _aShaw, Bernard
245 _aCaesar and Cleopatra :
_cby Bernard Shaw with introduction and notes by A.C. Ward
_ba history /
260 _aNew Delhi
_bOrient Blackswan
_c2011
270 _a1/24 Asaf Ali Road
_bNew Delhi
_e110002
300 _axx,178p.
_c23cm(pbk)
500 _aIncludes bibliographical references
942 _2ddc
_cEN
_mSHA
_h882.08
999 _c95133
_d95133